1094 1620 1052 1785 1917 1956 1322 1200 1436 1194 1298 1397 1412 1505 1828 1053 1273 1150 1735 1960 1377 1640 1587 1457 1930 1478 1831 1851 1459 1253 1554 1209 1982 1152 1295 1368 1026 1371 1848 1637 1481 1005 1991 1553 1211 1736 1113 1591 1305 1811 1855 1272 1186 1494 1472 1812 1245 1263 1673 1685 1622 1649 1366 1831 1984 1272 1820 1719 1187 1040 1343 1612 1669 1824 1691 1225 1929 1048 1114 1967 1520 1937 1783 1346 1868 1630 1239 1800 1116 1250 1131 1119 1350 1355 1047 1563 1561 1908 1154 BCNSPRNW ULIB Ver.6.0+V

เปลี่ยนเป็นภาษาไทย

Change to English
 แสดงรายละเอียดบรรณานุกรม
  กลับหน้าหลัก

Brief Record : Get Marc (ISO 2709) : E-mail record : QR code < ปิดหน้าต่าง
LEADER : 00000nam 2200000uu 4500
001    13399111893
003     ULIB
008    110711s2550||||th 000 0 tha d
020    9742264260
050 04 DS589^bก169ท 2550
110 1  กรมทรัพยากรธรณี
245 10 ทรัยพย์ในดินนครสวรรค์ /^cกรมทรัพยากรธรณี
260    กรุงเทพฯ :^bกรมทรัพยากรธรณี,^c2550
300    64 หน้า :^bภาพประกอบ
650  7 นครสวรรค์^xประเพณีและวัฒนธรรม
945    ^p0^l0^i023333
995    ทศพร
999 ^a ใช้งานได้ทุกระบบ
รายการนี้ยังไม่มีแท็ก
คุณยังไม่ได้ล็อกอิน คุณสามารถมีกิจกรรมร่วมกับเว็บไซต์ได้ แต่ต้องล็อกอินก่อน ::
  ล็อกอิน

รายการสื่อสารสนเทศ

ลำดับที่ ประเภท เลขเรียก/บาร์โค้ด สถานที่ สถานะ
- ไม่พบข้อมูล -

BibComment


ยังไม่เคยถูกคอมเมนท์

คอมเมนท์ทรัพยากรรายการนี้
  คอมเมนท์: ทรัยพย์ในดินนครสว..


 Copyright 2026. Bcnsprnw @Library